Medzinárodné vzťahy politické II (praktikum k vybraným otázkam)

Gespeichert in:
Bibliographische Detailangaben
Körperschaft: Ekonomická univerzita v Bratislave. Fakulta medzinárodných vzťahov
Weitere Verfasser: Kucharčík, Rudolf, 1977-, Škvrnda, František, Kazanský, Rastislav
Format: Buch
Sprache:Slowakisch
Englisch
Tschechisch
Veröffentlicht: Bratislava Vydavateľstvo EKONÓM 2010
Schlagworte:
Tags: Tag hinzufügen
Keine Tags, Fügen Sie das erste Tag hinzu!

MARC

LEADER 00000nam a2200000 4500
001 0123117
005 20240502072406.2
020 |a 978-80-225-3058-3 
041 0 |a slo 
041 0 |a eng 
041 0 |a cze 
044 |a SK 
245 1 0 |a Medzinárodné vzťahy politické II  |b (praktikum k vybraným otázkam)  |c Rudolf Kucharčík (ed.) 
264 1 |a Bratislava  |b Vydavateľstvo EKONÓM  |c 2010 
300 |a 268 s. [15,536 AH] 
610 2 0 |a vzťahy politické medzinárodné 
610 2 0 |a USA 
610 2 0 |a politika medzinárodná 
610 2 0 |a politika zahraničná 
610 2 0 |a politika bezpečnostná 
610 2 0 |a Rusko 
610 2 0 |a bezpečnosť 
610 2 0 |a Balkán 
610 2 0 |a Blízky východ 
610 2 0 |a Izrael 
610 2 0 |a Palestína 
610 2 0 |a Irán 
610 2 0 |a Ázia 
610 2 0 |a Čína 
610 2 0 |a Japonsko 
610 2 0 |a Kórea 
610 2 0 |a India 
610 2 0 |a Afganistan 
610 2 0 |a Latinská Amerika 
610 2 0 |a politika energetická 
610 2 0 |a energia 
610 2 0 |a geopolitika 
610 2 0 |a Afrika 
700 1 |a Kucharčík, Rudolf, 1977- 
700 1 |a Škvrnda, František 
700 1 |a Kazanský, Rastislav 
710 2 |a Ekonomická univerzita v Bratislave. Fakulta medzinárodných vzťahov